Normal view
MARC view
- أخلاق (علم نفس)-التفكير .تلاميذ- إتجاهات وميول
Entry Topical Term
001 - CONTROL NUMBER
- control field: 17690
003 - CONTROL NUMBER IDENTIFIER
- control field: JO-AjAnu
005 - DATE AND TIME OF LATEST TRANSACTION
- control field: 20230606073124.0
008 - FIXED-LENGTH DATA ELEMENTS
- fixed length control field: 230606|| aca||aabn | a|a d
040 ## - CATALOGING SOURCE
- Original cataloging agency: JO-AjAnu
- Transcribing agency: JO-AjAnu
150 ## - HEADING--TOPICAL TERM
- Topical term or geographic name entry element: أخلاق (علم نفس)-التفكير .تلاميذ- إتجاهات وميول
670 ## - SOURCE DATA FOUND
- Source citation: Work cat.: (JO-AjAnu)9087: حميدة،فاطمة إبراهيم, author 17689, التفكير الأخلاقي:دليل المعلم في تنمية التفكير الأخلاقي لدى التلاميذ في جميع المراحل